| 000 | 02125cam a22004577a 4500 | ||
|---|---|---|---|
| 999 |
_c41825 _d41825 |
||
| 001 | 17074989 | ||
| 003 | OSt | ||
| 005 | 20221115105902.0 | ||
| 008 | 111207s2012 inua 001 0 eng d | ||
| 010 | _a 2011945019 | ||
| 015 |
_aGBB1B6232 _2bnb |
||
| 015 |
_aGBB1B6232 _2dnb |
||
| 016 | 7 |
_a015903943 _2Uk |
|
| 020 | _a9781118102275 (pbk.) | ||
| 020 | _a9788126536085 | ||
| 020 | _a9781118223857 (ebk.) | ||
| 020 | _a1118102274 (pbk.) | ||
| 020 | _a9781118237229 (ebk.) | ||
| 020 | _a9781118262153 (ebk.) | ||
| 035 | _a(OCoLC)ocn756281527 | ||
| 040 |
_aUKMGB _cUKMGB _dBDX _dDEBBG _dYDXCP _dSNM _dBWX _dBTCTA _dDLC |
||
| 042 | _alccopycat | ||
| 050 | 0 | 0 |
_aQA76.76.A65 _bM462 2012 |
| 082 | 0 | 4 |
_a005.368 _223 _bMEI/P |
| 100 | 1 |
_aMeier, Reto, _d1978- _99311 |
|
| 245 | 1 | 0 |
_aProfessional Android 4 application development / _cReto Meier. |
| 246 | 1 | 0 | _aAndroid 4 application development |
| 246 | 1 | 3 | _aProfessional Android 3 application development |
| 250 | _aUpdated for Android 4 | ||
| 260 |
_aIndianapolis : _bJohn Wiley & Sons, _c2012. |
||
| 300 |
_axlii, 817 p. : _bill. ; _c24 cm. |
||
| 500 | _aIncludes index. | ||
| 505 | 0 | _aHello, Android -- Getting Started -- Creating Applications and Activities -- Building User Interfaces -- Intents and Broadcast Receivers -- Using Internet Resources -- Files, Saving State, and Preferences -- Databases and Content Providers -- Working in the Background -- Expanding the User Experience -- Advanced User Experience -- Hardware Sensors -- Maps, Geocoding, and Location-Based Services -- Invading the Home Screen -- Audio, Video, and Using the Camera -- Bluetooth, NFC, Networks, and Wi-Fi -- Telephony and SMS -- Advanced Android Development -- Monetizing, Promoting, and Distributing Applications. | |
| 630 | 0 | 0 | _aAndroid (Electronic resource) |
| 650 | 0 |
_aApplication software _xDevelopment. |
|
| 650 | 0 | _aMobile computing. | |
| 906 |
_a7 _bcbc _ccopycat _d2 _encip _f20 _gy-gencatlg |
||
| 942 |
_2ddc _cBK _h005.368 _iMEI/P _k005.368 _mMEI/P |
||